| 000 | 00923nam a22003137a 4500 | ||
|---|---|---|---|
| 001 | 0043565 | ||
| 003 | KOHA_MİRAKIL | ||
| 005 | 20260207003353.0 | ||
| 007 | ta | ||
| 008 | 130730b2013 tu |||gr||||#||||0|tur | | ||
| 020 | _a9786050804966 | ||
| 040 |
_aTR-BiSEU _btur _cTR-BiSEU _erda |
||
| 041 | 0 | _atur | |
| 044 | _ctu | ||
| 050 |
_aD412.6 _b.C56 2013 |
||
| 100 | 1 | _aÇimen, Ali. | |
| 245 | 1 |
_aTarihi değiştiren liderler/ _cAli Çimen ; Ali Çimen. |
|
| 264 | 1 |
_aİstanbul : _bTimaş _c2013 |
|
| 300 |
_a367 sayfa ; _cresimli ; _c21 cm. |
||
| 336 |
_ametin _btxt _2rdacontent |
||
| 337 |
_aaracısız _bn _2rdamedia |
||
| 338 |
_acilt _bnc _2rdacarrier |
||
| 490 | 1 |
_aTimaş yayınları ; _v2889. |
|
| 490 | 1 |
_a Popüler Tarih dizisi ; _v25. |
|
| 650 | 0 |
_aDictators--Biography. _981211 |
|
| 830 | 1 |
_aTimaş yayınları ; _v2889. _98079 |
|
| 830 | 1 |
_a Popüler Tarih dizisi ; _v25. _981212 |
|
| 942 |
_2lcc _cBK |
||
| 999 |
_c43382 _d43382 |
||